000 00334nam a2200133Ia 4500
008 240624s9999 xx 000 0 und d
041 _aeng
082 _a332.1 AGA
100 _aAGARWAL O P
245 _aBANKING AND INSURANCE
260 _c2010
_aNew Delhi
_bHimalaya Publishing House
300 _a632 : p. : cm. ; 24
365 _cRS
999 _c19174
_d19174